Online
Catalog

La venus jánica : (Record no. 9346)

MARC details
000 -CABECERA
campo de control de longitud fija 01310cam a2200337 a 4500
001 - NÚMERO DE CONTROL
campo de control 000009586
005 - FECHA Y HORA DE LA ÚLTIMA TRANSACCIÓN
campo de control 20200929161631.0
008 - DATOS DE LONGITUD FIJA--INFORMACIÓN GENERAL
campo de control de longitud fija 930423s1988 sp b 000 0 spa d
010 ## - NÚMERO DE CONTROL DE LA BIBLIOTECA DEL CONGRESO
Número de control de LC 89178191
020 ## - NÚMERO INTERNACIONAL ESTÁNDAR DEL LIBRO
Número Internacional Estándar del Libro 8478200150
035 ## - NÚMERO DE CONTROL DEL SISTEMA
Número de control de sistema (OCoLC)21587769
040 ## - FUENTE DE LA CATALOGACIÓN
Centro catalogador/agencia de origen DO-SdBNP
Centro/agencia transcriptor OU
Centro/agencia modificador InLP
-- BNPHU
042 ## - CÓDIGO DE AUTENTICACIÓN
Código de autenticación lccopycat
082 ## - NÚMERO DE LA CLASIFICACIÓN DECIMAL DEWEY
Número de clasificación 863.64
Número de documento/Ítem P438v
049 ## - FONDOS LOCALES (OCLC)
Fondos de biblioteca BNGR
100 1# - ENTRADA PRINCIPAL--NOMBRE DE PERSONA
Nombre de persona Pérez Gracia, César,
Fechas asociadas al nombre 1953-
9 (RLIN) 24425
245 13 - MENCIÓN DE TÍTULO
Título La venus jánica :
Resto del título breve estudio sobre los personajes femeninos de Jarnés /
Mención de responsabilidad, etc. César Pérez Gracia.
260 ## - PUBLICACIÓN, DISTRIBUCIÓN, ETC.
Lugar de publicación, distribución, etc. Zaragoza :
Nombre del editor, distribuidor, etc. Institución Fernando el Católico,
Fecha de publicación, distribución, etc. 1988.
300 ## - DESCRIPCIÓN FÍSICA
Extensión 109 p. ;
Dimensiones 22 cm.
490 1# - MENCIÓN DE SERIE
Mención de serie Publicación de la Institución Fernando el Católico
Designación de volumen o secuencia 1,178
500 ## - NOTA GENERAL
Nota general "I Centenario del Nacimiento de Benjamín Jarnés"--P. [2].
504 ## - NOTA DE BIBLIOGRAFÍA, ETC.
Nota de bibliografía, etc. Includes bibliographical references (p. 105).
650 #4 - PUNTO DE ACCESO ADICIONAL DE MATERIA--TÉRMINO DE MATERIA
Término de materia o nombre geográfico como elemento de entrada Novela española
9 (RLIN) 1123
650 #4 - PUNTO DE ACCESO ADICIONAL DE MATERIA--TÉRMINO DE MATERIA
Término de materia o nombre geográfico como elemento de entrada Literatura española
9 (RLIN) 632
600 10 - PUNTO DE ACCESO ADICIONAL DE MATERIA--NOMBRE DE PERSONA
Nombre de persona Jarnés, Benjamín,
Fechas asociadas al nombre 1888-1950
Subdivisión general Characters
-- Women.
9 (RLIN) 24426
650 #0 - PUNTO DE ACCESO ADICIONAL DE MATERIA--TÉRMINO DE MATERIA
Término de materia o nombre geográfico como elemento de entrada Women in literature.
9 (RLIN) 24427
710 2# - PUNTO DE ACCESO ADICIONAL--NOMBRE DE ENTIDAD CORPORATIVA
Nombre de entidad corporativa o nombre de jurisdicción como elemento de entrada Institucion "Fernando el Catolico."
9 (RLIN) 20761
740 0# - PUNTO DE ACCESO ADICIONAL--TÍTULO RELACIONADO O ANALÍTICO NO CONTROLADO
Título relacionado o analítico no controlado Breve estudio sobre los personajes femeninos de Jarnes.
830 #0 - PUNTO DE ACCESO ADICIONAL DE SERIE-TÍTULO UNIFORME
Título uniforme Publicacion de la Institucion "Fernando el Catolico" ;
Designación de volumen o secuencia 1,178.
9 (RLIN) 16703
910 ## - DATOS DE OPCIÓN DEL USUARIO (OCLC)
Datos de opción del usuario Catalogación por copia / LC
Holdings
Estado de retiro Estado de pérdida Restricciones de uso No para préstamo Código de colección Localización permanente Ubicación/localización actual Ubicación en estantería Fecha de adquisición Número de inventario Total de préstamos Signatura topográfica completa Código de barras Fecha visto por última vez Precio válido a partir de Tipo de ítem Koha
    Préstamo interno   Monografías: Libros y Folletos General General En catalogación 30.09.2009 LF1   863.64 P438v 9586-10 25.06.2020 25.06.2020 Préstamo interno

Powered by Koha